Homo academicus
Guardat en:
| Autor principal: | |
|---|---|
| Format: | Llibre |
| Idioma: | espanyol |
| Publicat: |
Buenos Aires, Argentina
Siglo Veintiuno
2008
|
| Matèries: | |
| Etiquetes: |
Afegir etiqueta
Sense etiquetes, Sigues el primer a etiquetar aquest registre!
|
MARC
| LEADER | 00000nam a2200000 a 4500 | ||
|---|---|---|---|
| 001 | UCH0057 | ||
| 003 | CL-VaPUC | ||
| 005 | 20231023102930.0 | ||
| 008 | 090108e20080000AG |||||||||||||||||spa|d | ||
| 999 | |c 332462 |d 332460 | ||
| 020 | |a 9788432313370 | ||
| 040 | |c Pontificia Universidad Católica de Valparaíso | ||
| 082 | 0 | 4 | |a 378.12 BOU 2008 |2 21 |
| 100 | 0 | |a Bourdieu, Pierre |9 308635 | |
| 245 | 1 | 0 | |a Homo academicus |
| 260 | 0 | 3 | |a Buenos Aires, Argentina |b Siglo Veintiuno |c 2008 |
| 300 | |a 314 páginas | ||
| 583 | |a last modification |c 20150309 03:02:48 |k Rodrigo Vera | ||
| 650 | 0 | |a Educación superior |9 223851 | |
| 650 | 0 | |a Docentes |9 311365 | |
| 650 | 0 | |a Profesores universitarios |9 328378 | |
| 650 | 0 | |a Sociología de la educación |9 260380 | |
| 942 | |c BK |2 ddc | ||
| 945 | |d 20090108 00:00:00 |a rbrito | ||
| 952 | |0 0 |1 0 |2 ddc |4 0 |6 378_120000000000000_BOU_2008 |7 0 |8 A |9 420179 |a BIBDER |b BIBDER |d 2019-11-22 |i 4511816 |l 4 |m 1 |o 378.12 BOU 2008 |p 4511816 |r 2024-06-27 |s 2024-06-27 |t 1 |w 2019-11-22 |y BK |k DER | ||